Normale Ansicht MARC-Ansicht ISBD

Denkmalgeschützte Mühle geht in Flammen auf. (Titelsatznr. 371633)

[ MARC ]
MARC-Details
000 -Satzkennung
Kontrollfeld mit fester Länge 00800nam a22001937a 4500
008 - Feld mit fester Länge zur physischen Beschreibung - Allgemeine Angaben
Kontrollfeld mit fester Länge 201127b ||||| |||| 00| 0 eng d
040 ## - Katalogisierungsquelle
Original-Katalogisierungsstelle DE-2950
Katalogisierungssprache ger
Übertragungsstelle DE-2950
Beschreibungsfestlegungen rda
041 ## - Sprachcode
Sprachcode des Textes/der Tonspur oder des separaten Titels ger
245 ## - Titel
Haupttitel Denkmalgeschützte Mühle geht in Flammen auf.
Titelzusatz Brand im Schlaubetal: Das beliebte Ausflugsziel in Bremsdorf stand in der Nacht zu Donnerstag in Flammen. Drei Personen waren in Gefahr /
Verantwortlichkeitsangabe Frank Groneberg
264 ## - Veröffentlichungsangabe, Vertriebsangabe, Herstellungsangabe
Erscheinungs-, Vertriebs-, Herstellungsdatum 2022
653 ## - Lokales Schlagwort
Nicht-normierter Term Bremsdorf
653 ## - Lokales Schlagwort
Nicht-normierter Term Landkreis Oder-Spree
653 ## - Lokales Schlagwort
Nicht-normierter Term Gaststätte Bremsdorfer Mühle
773 ## - Übergeordnete Einheit
Ort, Verlag und Erscheinungsjahr Frankfurt (Oder) Märkisches Verlags- und Druckhaus GmbH & Co KG
Titel Märkische Oderzeitung
Verknüpfungsangaben 33. Jahrgang (2022) Nr. 117 vom 20.05.2022, S. 18 + 21./22.05.2022, S. 20
942 ## - Zusätzliche Felder (Koha)
Koha-Medientyp Aufsätze
Exemplare
Ausgeschieden Verloren Beschädigt Nicht entleihbar Permanenter Standort Aktueller Standort Aufstellungsort Eingabedatum Anzahl Ausleihen Signatur Letzte Aktivität Preis gültig von Medientyp
        Stadtarchiv Frankfurt (Oder) | Archivbibliothek Stadtarchiv Frankfurt (Oder) | Archivbibliothek Magazin 23/05/2022   Z2 23/05/2022 23/05/2022 Aufsätze